Associe les artistes francophones avec leur titre de chanson VOL10 - Statistiques

Statistiques générales
  • Ce quiz a été pris 57 fois
  • Le résultat moyen est 9 sur 21
Statistiques - réponses
Hint Réponse % Correct
Vianney Beau-papa
90%
Zazie Zen
69%
Patrick Bruel Alors regarde
67%
Gims SOIS PAS TIMIDE
65%
Bigflo & Oli Coup de vieux
63%
Angèle Ta reine
63%
Chimène Badi Entre nous
57%
Héléna Summer body
53%
Les musclés Merguez partie
49%
Niagara Tchiki boum
41%
Natasha St-Pier Un Ange Frappe A Ma Porte
39%
Anggun Juste être une femme
35%
Florent Pagny N'importe quoi
35%
Pierre Garnier L'horizon
33%
Vanessa Paradis Bouquet final
31%
PLK & Théodora Sex model
31%
Maëlle Flash
22%
Rohff Qui est l'exemple?
20%
Hélène Ségara L'amour est un soleil
18%
Juliette Armanet Tu me Play
10%
Elodie Frégé & Michal Viens jusqu'à moi
10%
Aucun quiz correspondant
Distribution des résultats
% des personnes avec chaque résultat
Percentile par nombre de réponses
Votre historique - résultats
Vous n’avez pas pris ce quiz